000 00293nam a22001217a 4500
008 180928b xxu||||| |||| 00| 0 eng d
041 _aeng
080 _a821
100 _a21
101 _aGJU
245 _aThe literature Of the American Realistic Period
_cBurbank.R
942 _2udc
_cBK
999 _c48648
_d48648